000 00376pab a2200145 454500
008 180718b1983 xxu||||| |||| 00| 0 eng d
100 _aSelvanathan, K.
245 _aManagement information system
_bCase study of a public sector
260 _c1983
300 _a13-18
362 _aFeb.
650 _aInformation Systems, Management
773 _aLok Udyog
909 _a11029
999 _c11029
_d11029